000 00564ntaaa2200205 4500
003 01
005 20251027200922.0
008 0714s1973 ag 01
040 _aAR-BaBN
_bspa
_cAR-BaBN
_eaacr
_dRIC
082 _a236 K96
100 _aKuemmel, Werner Georg
_94619
245 _aPromise and fulfilment /
_cWerner Georg Kuemmel
250 _a1 ed.
260 _aSCM Press,
_c1957
300 _a168 p.
500 _astudies in biblical theology, the eschatological message of Jesus
650 _aescatologia
_91720
650 _ateologia-escatologia
942 _cBK
999 _c3170
_d3170